| 000 | 00520nam a22001937a 4500 | ||
|---|---|---|---|
| 003 | NUST - PNEC | ||
| 005 | 20170116180754.0 | ||
| 008 | 150331b xxu||||| |||| 00| 0 eng d | ||
| 020 | _a- | ||
| 040 | _cLIBRARY | ||
| 082 | _a340.59 Gul | ||
| 100 |
_91962 _aAhmed, Gulzar |
||
| 245 |
_amuhammad and his constitutional charter _cAhmed, Gulzar |
||
| 250 | _a- | ||
| 260 |
_aUrdu Bazar _bTaher Sons _cC 1993 |
||
| 300 | _a271 . : | ||
| 650 |
_91963 _amuhammad and his constitutional charter _xGenernal |
||
| 942 |
_2ddc _cBK |
||
| 999 |
_c62680 _d62680 |
||